Statistics for Flags by Countries #1

Click here to take the quiz!

General Stats

  • This quiz has been taken 15 times
  • The average score is 11 of 16

Answer Stats

Answer% Correct
Italy
100%
India
92%
Iran
92%
Switzerland
85%
Turkey
77%
United States
77%
Belgium
69%
Israel
69%
Netherlands
69%
Peru
69%
Luxembourg
62%
Vatican City
62%
Romania
54%
Kyrgyzstan
38%
Bolivia
31%
Equatorial Guinea
23%

Score Distribution

Percentile by Number Answered

Percent of People with Each Score

Your Score History

You have not taken this quiz